1192 1818 1791 1573 1172 1731 1524 1255 1305 1114 1187 1091 1095 1214 1371 1776 1791 1952 1743 1315 1808 1166 1430 1003 1564 1249 1362 1601 1104 1251 1382 1039 1620 1756 1516 1278 1117 1656 1867 1282 1776 1182 1872 1596 1598 1452 1875 1154 1482 1858 1982 1321 1580 1645 1636 1877 1458 1550 1842 1306 1994 1421 1248 1362 1486 1728 1355 1565 1025 1381 1136 1072 1316 1926 1768 1597 1990 1629 1594 1969 1211 1546 1745 1502 1320 1430 1140 1052 1124 1613 1209 1653 1228 1438 1273 1902 1102 1051 1557 BCNSPRNW ULIB Ver.6.0+V

เปลี่ยนเป็นภาษาไทย

Change to English
 แสดงรายละเอียดบรรณานุกรม
  กลับหน้าหลัก

Brief Record : Get Marc (ISO 2709) : E-mail record : QR code < ปิดหน้าต่าง
LEADER : 00000nam 2200000uu 4500
001    13399127166
003     ULIB
008    191018s2561||||th 000 0 tha d
020 ^- ^a9786160034796
050 ^- ^aนว.^bณ149ห
100 ^- ^aณพรรษธ์สรฌ์.
245 10 ^aหวานร้ายละลายรัก /^cณพรรษธ์สรฌ์.
250 ^- ^aพิมพ์ครั้งที่ 1.
260 ^- ^aกรุงเทพฯ :^bบริษัทสถาพรบุ๊คส์ จำกัด,^c2561
300 ^- ^a327 หน้า.
945    ^p230^l0^i006352
999    ^aประนอม เกษจรัล
รายการนี้ยังไม่มีแท็ก
คุณยังไม่ได้ล็อกอิน คุณสามารถมีกิจกรรมร่วมกับเว็บไซต์ได้ แต่ต้องล็อกอินก่อน ::
  ล็อกอิน

รายการสื่อสารสนเทศ

ลำดับที่ ประเภท เลขเรียก/บาร์โค้ด สถานที่ สถานะ
1. นวนิยาย
นวนิยาย
นว. ณ149ห ฉ.1 
  Barcode: 006352
ห้องสมุดวิทยาเขตนครสวรรค์
►นวนิยาย:l:Fiction
บนชั้น

รายการใกล้เคียง
    ผู้แต่ง [ณพรรษธ์สรฌ์.]

BibComment


ยังไม่เคยถูกคอมเมนท์

คอมเมนท์ทรัพยากรรายการนี้
  คอมเมนท์: หวานร้ายละลายรัก..


 Copyright 2026. Bcnsprnw @Library